[Event "SVK-chT2D 1617"]
[Site "Slovakia"]
[Date "2017.03.12"]
[Round "11.5"]
[White "Micek, Jiri"]
[Black "Dzugas, Vladimir"]
[Result "0-1"]
[WhiteElo "1739"]
[BlackElo "2027"]
[PlyCount "79"]
[EventDate "2016.10.08"]
[EventType "team-tourn"]
[EventRounds "11"]
[EventCountry "SVK"]
[SourceTitle "EXT 2019"]
[Source "ChessBase"]
[SourceDate "2018.10.10"]
[SourceVersion "1"]
[SourceVersionDate "2018.10.10"]
[SourceQuality "1"]
[WhiteTeam "Margecany II"]
[BlackTeam "Kosice Dynamo"]
[WhiteTeamCountry "SVK"]
[BlackTeamCountry "SVK"]

1. e4 e6 2. Nf3 d5 3. exd5 exd5 4. d4 Bg4 5. Be2 Bd6 6. Nc3 c6 7. Ne5 Bf5 8. 0-0 Nd7 9. f4 Ndf6 10. Bf3 h5 11. Re1 Ne7 12. h3 Qc7 13. a3 Be6 14. b4 a6 15. Na4 b6 16. Qe2 Nf5 17. Nxf7 Nxd4 18. Nxd6+ Qxd6 19. Qd3 Nxf3+ 20. Qxf3 0-0 21. Re5 c5 22. Be3 d4 23. bxc5 bxc5 24. Bf2 Bd5 25. Qd1 Qc6 26. c4 dxc3 27. Nxc3 Bxg2 28. Qd3 c4 29. Qg3 Qf3 30. Qxg2 Qxc3 31. Rae1 Rad8 32. Bh4 Rd2 33. R1e2 Rxe2 34. Rxe2 Qc1+ 35. Kh2 Qxf4+ 36. Bg3 Qf5 37. Re7 Re8 38. Rxe8+ Nxe8 39. Qe2 Qf7 40. Kg2 0-1

[Event "SVK-chT2D 0607"]
[Site "Slovakia"]
[Date "2007.01.13"]
[Round "7.1"]
[White "Micek, Jiri"]
[Black "Fedorko, Martin"]
[Result "0-1"]
[WhiteElo "1710"]
[BlackElo "2057"]
[PlyCount "50"]
[EventDate "2006.10.14"]
[EventType "team-tourn"]
[EventRounds "11"]
[EventCountry "SVK"]
[SourceTitle "EXT 2008"]
[Source "ChessBase"]
[SourceDate "2007.11.25"]
[SourceVersion "1"]
[SourceVersionDate "2007.11.25"]
[SourceQuality "1"]
[WhiteTeam "Margecany OSK II"]
[BlackTeam "Bardejov BSK"]
[WhiteTeamCountry "SVK"]
[BlackTeamCountry "SVK"]

1. e4 c5 2. Nc3 Nc6 3. Nf3 e6 4. Be2 a6 5. a4 d5 6. exd5 exd5 7. d4 c4 8. 0-0 Nf6 9. Re1 Be7 10. h3 0-0 11. Ne5 Nb4 12. Bf3 Be6 13. Ne2 Bf5 14. Ng3 Bxc2 15. Qe2 Re8 16. Be3 Bd3 17. Nxd3 cxd3 18. Qd2 Nc2 19. Nf5 Bb4 20. Qxd3 Nxe1 21. Rxe1 Bxe1 22. Bg5 Bb4 23. Bh5 Re1+ 24. Kh2 Qc7+ 25. f4 Nxh5 0-1

[Event "SVK-chT2D 0607"]
[Site "Slovakia"]
[Date "2006.12.17"]
[Round "6.1"]
[White "Pitonakova, Adela"]
[Black "Micek, Jiri"]
[Result "1-0"]
[WhiteElo "1728"]
[BlackElo "1710"]
[PlyCount "45"]
[EventDate "2006.10.14"]
[EventType "team-tourn"]
[EventRounds "11"]
[EventCountry "SVK"]
[SourceTitle "EXT 2008"]
[Source "ChessBase"]
[SourceDate "2007.11.25"]
[SourceVersion "1"]
[SourceVersionDate "2007.11.25"]
[SourceQuality "1"]
[WhiteTeam "Kezmarok KdV II"]
[BlackTeam "Margecany OSK II"]
[WhiteTeamCountry "SVK"]
[BlackTeamCountry "SVK"]

1. e4 Nc6 2. Nf3 d6 3. h3 Nf6 4. Nc3 g6 5. d4 Bg7 6. Be2 e5 7. dxe5 dxe5 8. Qxd8+ Kxd8 9. Bg5 Bd7 10. Nd5 Re8 11. Bxf6+ Bxf6 12. Nxf6 Re6 13. Nxd7 Kxd7 14. Bb5 f6 15. Bxc6+ Rxc6 16. 0-0-0+ Ke7 17. Rd5 Rd6 18. Rxd6 cxd6 19. g4 g5 20. h4 gxh4 21. Rxh4 Rh8 22. Rh6 Kf7 23. Nh4 1-0